Countries & Capitals of South America Map - Statistics

General Stats
  • This quiz has been taken 80 times
  • The average score is 10 of 12
Answers on the Map
Answers color-coded by a green-red scale on the quiz's map according to % correct below.
 
Answer Stats
Country & Capital % Correct
Argentina - Buenos Aires
93%
Brazil - Brasilia
93%
Chile - Santiago
91%
Peru - Lima
91%
Uruguay - Montevideo
89%
Bolivia - La Paz / Sucre
85%
Colombia - Bogota
85%
Venezuela - Caracas
85%
Ecuador - Quito
82%
Guyana - Georgetown
78%
Paraguay - Asuncion
78%
Suriname - Paramaribo
73%
No matching quizzes found
Score Distribution
Percent of People with Each Score
Percentile by Number Answered
Your Score History
You have not taken this quiz